LEADER 01064nam0-2200349---450- 001 990008255920403321 005 20090422115228.0 010 $a958-35-0174-3 035 $a000825592 035 $aFED01000825592 035 $a(Aleph)000825592FED01 035 $a000825592 100 $a20060116d1998----km-y0itay50------ba 101 0 $aspa 102 $aCO 105 $ay---n---001yy 200 1 $aDel realismo al trialismo jurídico$ereflexiones sobre el contenido del derecho y la formación de los juristas$fMauricio A. Plazas Vega 210 $aSanta Fe de Bogotá$cTemis S.A.$d1998 215 $aXVII, 186 p.$d20 cm 225 1 $aMonografías jurídicas$hSerie 1$v96 320 $aBibliogr.: p.181-186 676 $a340$v12 rid.$zita 700 1$aPlazas Vega,$bMauricio A.$0261502 801 0$aIT$bUNINA$gRICA$2UNIMARC 901 $aBK 912 $a990008255920403321 952 $aQ 84$bs.i.$fDSS 952 $aXI M 68$b43875*$fFGBC 959 $aDSS 959 $aFGBC 996 $aDel realismo al trialismo jurídico$9743360 997 $aUNINA LEADER 01318nam--2200349---450- 001 990005982950203316 005 20141120093835.0 010 $a978-88-348-8862-9 035 $a000598295 035 $aUSA01000598295 035 $a(ALEPH)000598295USA01 035 $a000598295 100 $a20141120d2013----km-y0itay50------ba 101 $aita 102 $aIT 105 $a||||||||001yy 200 1 $a<> Costituzione di Cadice nel bicentenario della sua promulgazione$eatti del Convegno dell'Associazione di diritto pubblico comparato ed europeo, Milano, Università commerciale L. Bocconi, 11 maggio 2012$fa cura di Giuseppe Franco Ferrari 210 $aTorino$cGiappichelli$d2013 215 $a223 p.$d24 cm 225 2 $aDiritto pubblico comparato ed europeo$iConvegni$v18 410 0$aDiritto pubblico comparato ed europeo$iConvegni$v, 18 606 0 $aCostituzioni politiche$xSpagna$z1812$xAtti di congressi$2BNCF 676 $a342.4602 702 1$aFERRARI,$bGiuseppe Franco$f<1950- > 801 0$aIT$bsalbc$gISBD 912 $a990005982950203316 951 $aXXIV.2.M. 435$b81206 G.$cXXIV.2.M.$d359330 959 $aBK 969 $aGIU 979 $aCHIARA$b90$c20141120$lUSA01$h0938 996 $aCostituzione di Cadice nel bicentenario della sua promulgazione$91079901 997 $aUNISA